ARRUPE JESUIT UNIVERSITY

CORONAVIRUS -STOP THE SPREAD - CLEAN,DISINFECT,COVER

Aquinas 101 (Record no. 5615)

MARC details
000 -LEADER
fixed length control field 00513nam a2200205Ia 4500
003 - CONTROL NUMBER IDENTIFIER
control field 0100
008 - FIXED-LENGTH DATA ELEMENTS--GENERAL INFORMATION
fixed length control field 130227s9999 xx 000 0 und d
040 ## - CATALOGING SOURCE
Transcribing agency ARRUPELIB
050 ## - LIBRARY OF CONGRESS CALL NUMBER
Classification number B765.T54S468 2007
100 ## - MAIN ENTRY--PERSONAL NAME
Personal name Selman, Francis
245 ## - TITLE STATEMENT
Title Aquinas 101
245 ## - TITLE STATEMENT
Remainder of title a basic introduction to the thought of Saint Thomas Aquinas
260 ## - PUBLICATION, DISTRIBUTION, ETC. (IMPRINT)
Place of publication, distribution, etc Indiana
260 ## - PUBLICATION, DISTRIBUTION, ETC. (IMPRINT)
Name of publisher, distributor, etc Christian Classics
260 ## - PUBLICATION, DISTRIBUTION, ETC. (IMPRINT)
-- 2007
300 ## - PHYSICAL DESCRIPTION
Extent 219p.
300 ## - PHYSICAL DESCRIPTION
Other physical details 22cm.
650 ## - SUBJECT ADDED ENTRY--TOPICAL TERM
Topical term following geographic name as entry element Makhurane, Phinias-Mogorosi
942 ## - ADDED ENTRY ELEMENTS (KOHA)
Source of classification or shelving scheme Library of Congress Classification
Koha issues (borrowed), all copies 2
Holdings
Withdrawn status Lost status Source of classification or shelving scheme Damaged status Not for loan Collection code Home library Current library Shelving location Date acquired Total Checkouts Full call number Barcode Checked out Date last seen Date last borrowed Copy number Price effective from Koha item type
    Library of Congress Classification     Main Collection ARRUPE LIBRARY ARRUPE LIBRARY   27/02/2013 4 B765.T54S468 2007 46407370 05/02/2026 22/01/2026 22/01/2026 1 27/02/2013 Monograph ( Printed materials)

 

Arrupe Library. PO Box MP320 Mt Pleasant, Harare, Zimbabwe
263 242 745411|librarian@aju.ac.zw